| 000 | 00854cam a2200289 4500500 | ||
|---|---|---|---|
| 005 | 20260329002846.0 | ||
| 041 | _afre | ||
| 042 | _adc | ||
| 100 | 1 | 0 |
_aNassif, Philippe _eauthor |
| 245 | 0 | 0 | _aRégis Aubry, André Comte-Sponville. Euthanasie, une question de vie ou de mort |
| 260 | _c2014. | ||
| 500 | _a85 | ||
| 690 | _aAndré Comte-Sponville | ||
| 690 | _aComité consultatif national d’éthique | ||
| 690 | _aDignité | ||
| 690 | _aDroit | ||
| 690 | _aEuthanasie | ||
| 690 | _aLiberté | ||
| 690 | _aLibertés | ||
| 690 | _aLoi | ||
| 690 | _aLoi Leonetti | ||
| 690 | _aMort | ||
| 690 | _aRégis Aubry | ||
| 690 | _aSuicide | ||
| 786 | 0 | _nPhilosophie magazine | 76 | 2 | 2014-02-01 | p. 13-14 | 1951-1787 | |
| 856 | 4 | 1 | _uhttps://shs.cairn.info/magazine-philosophie-magazine-2014-2-page-13?lang=fr&redirect-ssocas=7080 |
| 999 |
_c1819055 _d1819055 |
||